000 00663nam a2200181 a 4500
001 000039180
005 20210910112133.0
008 130606s2012 dr 000 0 spa d
020 _a9789945006414
040 _aDO-SdBNP
_bspa
_cBNPHU
100 1 _aRamírez Morillo, Belarminio,
_d1964-
_92520
245 1 3 _aEl choque entre gladiadores :
_brazón versus emoción en las campañas de Hipólito y Danilo /
_cBelarminio Ramírez Morillo.
260 _aSanto Domingo :
_bCentenario,
_c2012.
300 _a315 p. ;
_c24 cm.
500 _aIncluye índice onomástico
500 _aIncluye datos biográficos del autor en las solapas
504 _aBibliografía : 301-308
999 _c38670
_d38670